00923cam a2200277 a 450000100100000000500170001000800410002702000150006804000240008308200170010710000380012424500580016226000320022030000210025249000290027350400300030265000290033265000310036170000300039283000370042291000340045991000070049304900090050095201210050999900150063000001007520200929161830.0930803s1991 sp b 000 p spa d a8437610028 aDO-SdBNPcTxHRdDLC a861.6bB268p1 aBarral, Carlos,d1928-198991559010aPoesía /cCarlos Barral ; edición de Carme Riera. aMadrid :bCátedra,c1991. a201 p. ;c18 cm.1 aLetras hispánicasv334 aBibliografía: p. 67-70. 4aPoesía española9631 4aLiteratura española96321 aRiera, Carme,eed.915516 0aLetras hispánicas ;v33494208 aCatalogación por copia / LC aWM aBNGR 001052708MOaGRbGRcHDd2009-10-03iLF1l0o861.6 B268pp10075-10r2020-06-25w2020-06-25y2ZPréstamo interno c9834d9834